| 000 | 00662nam a2200205 i 4500 | ||
|---|---|---|---|
| 001 | 142705 | ||
| 003 | ES-MaACL | ||
| 005 | 20250817040628.0 | ||
| 007 | t| | ||
| 008 | 071009s1964 sp ||||1| spa d | ||
| 100 | 1 |
_aViatte, Auguste. _9114300 |
|
| 245 | 1 | 4 |
_aLos Estados Unidos _b: puntos de vista cristianos sobre la vida americana / _cAuguste Viatte ; [traducida por: M. T. Vernet]. |
| 260 |
_aBarcelona : _bEler, _c1964. |
||
| 300 |
_a213 p. ; _c19 cm. |
||
| 490 | 1 |
_aEler ; _v20 |
|
| 700 | 1 |
_aVernet, MarĂa Teresa, _d1907-1974 _9114173 |
|
| 830 | 0 |
_aEler ; _v20 _9181476 |
|
| 852 |
_aES-MaACL _jC-26452 _bR.55451 |
||
| 999 |
_c142705 _d142705 |
||